000 00633cam a22002293a 4500
001 366
003 PGUSA
005 20140828082947.0
008 060315s2006||||xxu|||||s|||||000 1 eng d
040 _aPGUSA
_beng
042 _adc
050 4 _aPS
100 1 _aRinehart, Mary Roberts,
_d1876-1958
245 1 0 _aBab :
_bA Sub-Deb
_h[electronic resource] /
_cMary Roberts Rinehart
260 _bProject Gutenberg,
_c2006
506 _aPublic domain in the USA.
516 _aElectronic text
653 _aDebutantes -- Fiction
830 0 _aProject Gutenberg
_v366
856 4 0 _uhttp://www.gutenberg.org/ebooks/366
942 _cEB
999 _c229717
_d229717